000 00854cam a2200265 a 4500
005 20260322212027.0
008 data
010 _a 00063227
020 _a0060652381 (pbk. : alk. paper)
020 _a9780060652388 (pbk. : alk. paper)
040 _aDLC
_cDLC
_dDLC
050 0 0 _aBV4905.2
_b.L4 2001
082 0 0 _a242/.4
_221
092 _a242.4 L4 2001
100 1 _aLewis, C. S.
_d1898-1963.
_q(Clive Staples),
245 1 2 _aA grief observed /
_cC. S. Lewis.
260 _a[San Francisco] :
_bHarperSanFrancisco,
_c2001.
300 _axxxi, 76 p. ;
_c20 cm.
600 1 0 _aDavidman, Joy.
600 1 0 _aLewis, C. S.
_q(Clive Staples),
_d1898-1963
_xReligion.
650 0 _aConsolation.
650 0 _aBereavement
_xChristianity.
_xChristianity.
856 4 2 _3Publisher description
_uhttp://www.loc.gov/catdir/description/hc042/00063227.html
001 data
999 _c626
_d626